| 000 | 00530nam a22001697a 4500 | ||
|---|---|---|---|
| 003 | OSt | ||
| 005 | 20260203075609.0 | ||
| 008 | 260203b |||||||| |||| 00| 0 eng d | ||
| 020 | _a9780716614020 | ||
| 040 | _cA scott fetzer company | ||
| 050 |
_aQH 541.5 .O24 2009 _b .O24 2009 |
||
| 245 |
_aOCEANS ,ISLANDS ,AND POLAR REGIONS/ _cLIVING GREEN |
||
| 250 | _a1st edition | ||
| 260 |
_achicagi: _bworld book publishers, _c2009 |
||
| 300 |
_a64 pages.: _bill .includes bibliographicreferences and index. _c;25.8 cm |
||
| 942 |
_2lcc _cBK _n0 |
||
| 999 |
_c9911 _d9911 |
||